00552 a2200169 4500020001200000050002000012100002500032245009800057264003600155300001600191336002600207337002800233338002700261440005300288500001900341650002200360 a0000000 aRT97.bLEE 1972 aLeedam, Elizabeth J. aCommunity nursing manual :bA Guide for auxiliary public health nurses /cElizabeth J. Leedam aDusseldorf bMcGraw-Hill,c1972 a224 pages : 2rdacontentatextbtxt 2rdamediaaunmediatedbn 2rdacarrieravolumebnc aMcGraw-Hill International health services series aIncludes Index aCommunity nursing